Central Library OPAC University of Rajshahi

সঙ্গীত-তত্ত্ব : (Record no. 79950)

MARC details
000 -LEADER
fixed length control field 00892nam a2200241 a 4500
001 - CONTROL NUMBER
control field 79950
003 - CONTROL NUMBER IDENTIFIER
rucl marc code BD-RjUL
005 - DATE AND TIME OF LATEST TRANSACTION
control field 20220609155759.0
008 - FIXED-LENGTH DATA ELEMENTS--GENERAL INFORMATION
fixed length control field 220609s2012 ii ||||| |||| 00| 0 ben d
035 ## - SYSTEM CONTROL NUMBER
System control number (BD-RjUL)79950
040 ## - CATALOGING SOURCE
Original cataloging agency BD-RjUL
Language of cataloging eng
Transcribing agency BD-RjUL
041 ## - LANGUAGE CODE
Language code of text/sound track or separate title eng
082 ## - DEWEY DECIMAL CLASSIFICATION NUMBER
Edition number 23
Classification number 781
Author mark and year DUS 2012
100 ## - MAIN ENTRY--PERSONAL NAME
Personal name দত্ত , দেবব্রত
9 (RLIN) 3534
245 10 - TITLE STATEMENT
Title সঙ্গীত-তত্ত্ব :
Remainder of title শাস্ত্রীয় তথা ভাব সঙ্গীত প্রসঙ্গ /
Statement of responsibility, etc. দেবব্রত দত্ত
250 ## - EDITION STATEMENT
Edition statement ৬ষ্ঠ সং.
260 ## - PUBLICATION, DISTRIBUTION, ETC. (IMPRINT)
Place of publication, distribution, etc. কলকাতা :
Name of publisher, distributor, etc. ব্রতী প্রকাশনী,
Date of publication, distribution, etc. ২০১২
300 ## - PHYSICAL DESCRIPTION
Pagination খণ্ড;
Size ২২ সেমি.
505 01 - FORMATTED CONTENTS NOTE
Formatted contents note খণ্ড ২য় --
650 ## - SUBJECT ADDED ENTRY--TOPICAL TERM
Topical term or geographic name as entry element সঙ্গীত তত্ত্ব
9 (RLIN) 3535
Topical term or geographic name as entry element Music theory
9 (RLIN) 3536
942 ## - ADDED ENTRY ELEMENTS (KOHA)
Source of classification or shelving scheme Dewey Decimal Classification
Koha item type Books
Holdings
Lost status Source of classification or shelving scheme Damaged status Not for loan Collection code Permanent Location Current Location Shelving location Date acquired Source of acquisition Cost, normal purchase price Full call number Date last seen Copy number Koha item type
  Dewey Decimal Classification   Not For Loan Non-fiction Central Library, University of Rajshahi Central Library, University of Rajshahi Reading Room 22/05/2022 Dhaka: BM Book 1200.00 B 781 DUS V-2 2012 09/06/2022 C-1 Books
  Dewey Decimal Classification     Non-fiction Central Library, University of Rajshahi Central Library, University of Rajshahi General Stacks 22/05/2022 Dhaka: BM Book 1200.00 B 781 DUS V-2 2012 09/06/2022 C-2 Books